000 00775nam a2200241 i 4500
001 183186
003 ES-MaACL
005 20240409180517.0
008 140129s1985 sp a |||| | spa d
020 _a84-376-0532-6
080 _a821.134.2-14"15"
100 1 _aAldana, Francisco de.
_919604
245 1 0 _aPoesías castellanas completas /
_cFrancisco de Aldana ; edición de José Lara Garrido.
260 _aMadrid :
_bCátedra,
_c[1985]
300 _a515 p. :
_bil. ;
_c18 cm.
490 1 _aLetras hispánicas ;
_v223
504 _aBibliografía: p. 117-119.
700 1 _aLara Garrido, José.
_970212
830 0 0 _aLetras hispánicas ;
_v223
_9235703
852 _aES-MaACL
_jL-29993
_z.- Donat. Miguel A. Velasco
942 _2udc
999 _c183186
_d183186